000
00203nam a22000857a 4500
008
170130b xxu||||| |||| 00| 0 eng d
100
_9
2643
_a
Hunt.A.E
245
_a
The Tale of three trees
260
_a
USA
_c
1989
999
_c
5788
_d
5788